Outliers : (Record no. 6002)

MARC details
000 -LEADER
fixed length control field 01185cam a2200289 a 4500
001 - CONTROL NUMBER
control field 6002
003 - CONTROL NUMBER IDENTIFIER
control field FISKH
005 - DATE AND TIME OF LATEST TRANSACTION
control field 20250225091906.0
008 - FIXED-LENGTH DATA ELEMENTS--GENERAL INFORMATION
fixed length control field 080725s2008 nyua b 001 0 eng
010 ## - LIBRARY OF CONGRESS CONTROL NUMBER
LC control number 2008032824
020 ## - INTERNATIONAL STANDARD BOOK NUMBER
International Standard Book Number 9780316017923
Terms of availability $12.00
020 ## - INTERNATIONAL STANDARD BOOK NUMBER
International Standard Book Number 9780316036696 (Int'l ed.)
040 ## - CATALOGING SOURCE
Original cataloging agency DLC
Transcribing agency DLC
Modifying agency DLC
050 ## - LIBRARY OF CONGRESS CALL NUMBER
Classification number BF637.S8 G533
082 ## - DEWEY DECIMAL CLASSIFICATION NUMBER
Classification number 302
100 1# - MAIN ENTRY--PERSONAL NAME
Personal name Gladwell, Malcolm,
Dates associated with a name 1963-
245 10 - TITLE STATEMENT
Title Outliers :
Remainder of title the story of success /
Statement of responsibility, etc. Malcolm Gladwell.
260 ## - PUBLICATION, DISTRIBUTION, ETC.
Place of publication, distribution, etc. New York :
Name of publisher, distributor, etc. Penguin Books,
Date of publication, distribution, etc. 2008.
300 ## - PHYSICAL DESCRIPTION
Extent 365 pages :
Dimensions 18 cm
504 ## - BIBLIOGRAPHY, ETC. NOTE
Bibliography, etc. note Includes bibliographical references (p. [287]-296) and index.
520 ## - SUMMARY, ETC.
Summary, etc. The best-selling author of Blink identifies the qualities of successful people, posing theories about the cultural, family, and idiosyncratic factors that shape high achievers, in a resource that covers such topics as the secrets of software billionaires, why certain cultures are associated with better academic performance, and why the Beatles earned their fame.<br/>
650 #0 - SUBJECT ADDED ENTRY--TOPICAL TERM
Topical term or geographic name entry element Successful people.
650 #0 - SUBJECT ADDED ENTRY--TOPICAL TERM
Topical term or geographic name entry element Success.
906 ## - LOCAL DATA ELEMENT F, LDF (RLIN)
a 7
b cbc
c orignew
d 1
e ecip
f 20
g y-gencatlg
942 ## - ADDED ENTRY ELEMENTS (KOHA)
Source of classification or shelving scheme Dewey Decimal Classification
Koha item type Books
Suppress in OPAC No
Holdings
Withdrawn status Lost status Source of classification or shelving scheme Damaged status Not for loan Collection Home library Current library Shelving location Date acquired Total Checkouts Full call number Barcode Date last seen Copy number Price effective from Koha item type Date last checked out
    Dewey Decimal Classification     Non-Fiction Footprints International School Library Network Toul Kork Campus Footprints International School Library Network Toul Kork Campus A TK Campus, 4th Floor, Room B401, Non-Fiction Bookcases(7-8) 02/20/2025   GLA 302 BF637.S8 G533 2025-0629 02/20/2025 1 02/20/2025 Books  
    Dewey Decimal Classification     Non-Fiction Footprints International School Library Network Toul Tom Poung Campus Footprints International School Library Network Toul Tom Poung Campus TTP Secondary Non-Fiction Bookshelves 02/20/2025 2 GLA 302 BF637.S8 G533 2025-0630 12/19/2025 2 02/20/2025 Books 08/18/2025